Geography Quiz

Random Geography or World Quiz
Score 0/8 Timer 02:00
0 Plays Today
% Correct
Colombia
84.9%
Australia
83.6%
Brazil
80%
Benin
69.1%
Kenya
68.5%
DRC
60.9%
Liberia
56.8%
Malaysia
51.9%
Remove Ads.
Support Sporcle.
Get the best of Sporcle when you Go Orange. This ad-free experience offers more features, more stats, and more fun while also helping to support Sporcle. Thank you for becoming a member.

You're not logged in!

Compare scores with friends on all Sporcle quizzes.
OR
Log In

Show Comments

Extras

Top Quizzes Today


Score Distribution

Your Account Isn't Verified!

In order to create a playlist on Sporcle, you need to verify the email address you used during registration. Go to your Sporcle Settings to finish the process.

Report this User

Report this user for behavior that violates our Community Guidelines.

Details: